Tratado de derecho laboral individual / (Registro nro. 19601)

Detalles MARC
000 -LEADER
fixed length control field 01341nam a2200313 4500
001 - CONTROL NUMBER
control field 0000013858
003 - CONTROL NUMBER IDENTIFIER
control field CO-CtgCURN
005 - DATE AND TIME OF LATEST TRANSACTION
control field 20250512231356.0
007 - PHYSICAL DESCRIPTION FIXED FIELD--GENERAL INFORMATION
fixed length control field ta
008 - FIXED-LENGTH DATA ELEMENTS--GENERAL INFORMATION
fixed length control field 160627s1991 000 0 eng d
020 ## - INTERNATIONAL STANDARD BOOK NUMBER
International Standard Book Number 9589157173
040 ## - CATALOGING SOURCE
Original cataloging agency CO-CtgCURN
Language of cataloging spa
Transcribing agency coctgcurn
082 0# - DEWEY DECIMAL CLASSIFICATION NUMBER
Classification number 344.01
Item number L13t
100 1# - MAIN ENTRY--PERSONAL NAME
Personal name Lafont de Leon, Francisco Ostau.
245 10 - TITLE STATEMENT
Title Tratado de derecho laboral individual /
Statement of responsibility, etc. Francisco O. Lafont de leon.
260 ## - PUBLICATION, DISTRIBUTION, ETC.
Place of publication, distribution, etc. Bogotá :
Name of publisher, distributor, etc. Ediciones Ciencia y derecho,
Date of publication, distribution, etc. 1991.
300 ## - PHYSICAL DESCRIPTION
Extent xxv, 754 p.
336 ## - CONTENT TYPE
Source rdacontent
337 ## - MEDIA TYPE
Source rdamedia
Media type term sin mediacion
Media type code n
338 ## - CARRIER TYPE
Source rdacarrier
Carrier type term volumen
Carrier type code nc
500 ## - GENERAL NOTE
General note v. 1 Individual.
505 8# - FORMATTED CONTENTS NOTE
Formatted contents note Historia del derecho laboral.--Derecho del trabajo.--Contrato de trabajo.--Relacion laboral.--Obligaciones y prohibiciones.--Condiciones de trabajo.--Suspension y terminacion de los contratos de trabajo.--Prestaciones sociales.--Normas protectoras del salario y prestaciones sociales.--Prestaciones sociales a cargo del empleador
650 14 - SUBJECT ADDED ENTRY--TOPICAL TERM
Topical term or geographic name entry element Contratos de trabajo.
908 ## - PUT COMMAND PARAMETER (RLIN)
Put command parameter 160627
942 ## - ADDED ENTRY ELEMENTS (KOHA)
Koha item type Libros
Classification part 344.01
Item part L13t
Source of classification or shelving scheme Dewey Decimal Classification
Suppress in OPAC No
Existencias
Withdrawn status Lost status Source of classification or shelving scheme Damaged status Not for loan Collection Home library Current library Shelving location Date acquired Inventory number Total checkouts Full call number Barcode Date last seen Copy number Price effective from Koha item type Public note
    Dewey Decimal Classification     General Miguel Henríquez Castañeda Miguel Henríquez Castañeda General 03/31/2025 004542   344.01 L13t 004542 03/31/2025 v.1 ej.1 03/31/2025 Libros 340-DEREC
    Dewey Decimal Classification     General Miguel Henríquez Castañeda Miguel Henríquez Castañeda General 03/31/2025 004543   344.01 L13t 004543 03/31/2025 v.1 ej.2 03/31/2025 Libros 340-DEREC
    Dewey Decimal Classification     General Miguel Henríquez Castañeda Miguel Henríquez Castañeda General 03/31/2025 004544   344.01 L13t 004544 03/31/2025 v.1 ej.3 03/31/2025 Libros 340-DEREC